Blueprint for peace (Record no. 143949)

MARC details
000 -LEADER
fixed length control field 00666nam a2200229 i 4500
001 - CONTROL NUMBER
control field C2-0222721
003 - CONTROL NUMBER IDENTIFIER
control field PPAK
005 - DATE AND TIME OF LATEST TRANSACTION
control field 20180728151753.0
008 - FIXED-LENGTH DATA ELEMENTS--GENERAL INFORMATION
fixed length control field 000125s1977 my a|||| ||||| | eng d
040 ## - CATALOGING SOURCE
Original cataloging agency PPAK
Language of cataloging eng
Transcribing agency PPAK
Description conventions rda
082 04 - DEWEY DECIMAL CLASSIFICATION NUMBER
Classification number 335.430959522
Edition number 23
090 00 - LOCALLY ASSIGNED LC-TYPE CALL NUMBER (OCLC); LOCAL CALL NUMBER (RLIN)
Classification number (OCLC) (R) ; Classification number, CALL (RLIN) (NR) 335.430959522
Feature heading NOO
Feature heading KAH
245 00 - TITLE STATEMENT
Title Blueprint for peace
264 #1 - PRODUCTION, PUBLICATION, DISTRIBUTION, MANUFACTURE, AND COPYRIGHT NOTICE
Place of production, publication, distribution, manufacture Kuching, Sarawak :
Name of producer, publisher, distributor, manufacturer Syarikat Norwan ,
Date of production, publication, distribution, manufacture, or copyright notice 1977
300 ## - PHYSICAL DESCRIPTION
Extent 103 pages :
Other physical details illustrations ;
Dimensions 22 cm
336 ## - CONTENT TYPE
Source rdacontent
Content type term text
337 ## - MEDIA TYPE
Source rdamedia
Media type term unmediated
338 ## - CARRIER TYPE
Source rdacarrier
Carrier type term volume
650 10 - SUBJECT ADDED ENTRY--TOPICAL TERM
Topical term or geographic name entry element Communists - Malaysia - Sarawak
700 1# - ADDED ENTRY--PERSONAL NAME
Personal name Noor Tahir, Datuk Hj.,
Relator term compile
942 ## - ADDED ENTRY ELEMENTS (KOHA)
-- dc
Koha item type Book
Holdings
Withdrawn Not for loan Current library Shelving location Date acquired Full call number Barcode Date last seen Koha item type
  Not For Loan Perpustakaan Alor Setar Koleksi Abdullah Hussein 25/01/2000 KAH 335.430959522 NOO A00205560 31/05/2018 Book